[Event "Canadian Open"]
[Site "Sackville CAN"]
[Date "2001.07.11"]
[Round "6"]
[White "Christiansen,L"]
[Black "Miles,A"]
[Result "1/2-1/2"]
[WhiteElo "2570"]
[BlackElo "2565"]

1.e4 e5 2.Nf3 Nc6 3.Bb5 Nf6 4.O-O Nxe4 5.d4 Nd6 6.Bxc6 dxc6 7.dxe5 Nf5 8.Qxd8+ Kxd8
9.Nc3 Bd7 10.b3 h6 11.Bb2 b6 12.Rad1 Kc8 13.Rd3 Be7 14.Rfd1 Be6 15.Ne2 c5
16.g4 Nh4 17.Nxh4 Bxh4 18.h3 c4 19.R3d2 h5 20.Nd4 Bg5 21.Re2 Bd5 22.e6 hxg4
23.Re5 Bf6 24.Rxd5 fxe6 25.Nxe6 Bxb2 26.hxg4 cxb3 27.cxb3 Re8 28.Rd8+ Kb7
29.Rxa8 Rxa8 30.Rd7 Be5 31.f4 Kc6 32.Rf7 Bb2 33.Kg2 Re8 34.Rxc7+ Kd6 35.Rc2 Bf6
36.Nc7 Re3 37.Kf2 Rh3 38.Ne8+ Kd5 39.Nxf6+ gxf6 40.Re2 a5 41.Kg2 Rc3 42.f5 b5
43.Rf2 Ke5 44.g5  1/2-1/2

[Event "Canadian Open"]
[Site "Sackville CAN"]
[Date "2001.07.12"]
[Round "7"]
[White "Miles,A"]
[Black "Gurevich,A"]
[Result "1-0"]
[WhiteElo "2565"]
[BlackElo "2197"]

1.d4 Nf6 2.Nf3 e6 3.Bf4 b6 4.e3 Bb7 5.c4 Bb4+ 6.Nfd2 O-O 7.a3 Be7 8.Nc3 c5
9.d5 d6 10.e4 Re8 11.Be2 Nbd7 12.O-O Nf8 13.Be3 Ng6 14.Qc2 Bf8 15.Rae1 a6
16.b4 e5 17.g3 Bc8 18.f3 Bh3 19.Rf2 Be7 20.Bf1 Qc8 21.Rb1 h5 22.Qd1 Bxf1
23.Qxf1 h4 24.bxc5 bxc5 25.Nb3 Qd8 26.Qh3 Rb8 27.Rfb2 Nh7 28.Nd1 Bg5 29.Bf2 Qf6
30.Qg4 Bh6 31.Ne3 Ng5 32.Nf5 h3 33.Be3 Ne7 34.Nxh6+ gxh6 35.Nd2 Rxb2 36.Rxb2 Ng6
37.Kf2 Nf4 38.Rb3 Ng2 39.Bxg5 Qxg5 40.Qxg5+ hxg5 41.Rb6 Kf8 42.Rxd6 Rb8 43.Rxa6 Rb2
44.Ke2 Ra2 45.Ra5 Ra1 46.Rxc5  1-0

[Event "Canadian Open"]
[Site "Sackville CAN"]
[Date "2001.07.15"]
[Round "10"]
[White "Goldenberg,D"]
[Black "Miles,A"]
[Result "0-1"]
[WhiteElo "2343"]
[BlackElo "2565"]

1.d4 d5 2.e4 dxe4 3.Nc3 Nf6 4.Bg5 c6 5.Bxf6 exf6 6.Nxe4 Be7 7.Bc4 O-O 8.Ne2 Nd7
9.O-O f5 10.N4g3 Nf6 11.Nf4 Bd6 12.Qf3 g6 13.Rfe1 Kg7 14.h3 h5 15.Rad1 h4
16.Nf1 Ne4 17.d5 c5 18.Nd3 Bd7 19.a4 Bxa4 20.Ne3 Bd7 21.Nf4 Ng5 22.Nh5+ Kh6  0-1

[Event "Smith & Williamson ch-GBR"]
[Site "Scarborough HUN"]
[Date "2001.08.06"]
[Round "7"]
[White "Palliser,R"]
[Black "Miles,A"]
[Result "1/2-1/2"]
[WhiteElo "2337"]
[BlackElo "2565"]

1.e4 Nf6 2.e5 Nd5 3.c4 Nb6 4.d4 d6 5.exd6 exd6 6.Nc3 Nc6 7.Nf3 Be7 8.d5 Ne5
9.Nxe5 dxe5 10.Be2 O-O 11.O-O f5 12.Be3 f4 13.Bxb6 axb6 14.Ne4 Bc5 15.Nxc5 bxc5
16.Bg4 Bxg4 17.Qxg4 f3 18.Rfe1 Ra6 19.g3 Rg6 20.Qh3 Qg5 21.Re4 Qd2 22.Rae1 Qxb2
23.Rxe5 h6 24.Qd7 Qxa2 25.Re8 Rf6 26.R8e7 R6f7 27.Qe6 Qd2 28.h4 Kh7 29.Qe4+ Kh8
30.Rxf7 Rxf7 31.Re3 Qd1+ 32.Re1 Qa4 33.Re3 Qa1+ 34.Kh2 Qf6 35.Qe6 Kg8 36.Qxf6 Rxf6
37.g4 Rf4 38.Kg3 Rxc4 39.Re7 b5 40.Rxc7 Kf8 41.d6 Ke8 42.Rxg7 b4 43.Rb7 Rd4
44.g5 Rxd6  1/2-1/2